LEADER 01104nam a2200253 i 4500 001 000000138359 003 CaOOAMICUS 005 20060913000000.0 008 060913s1942 it u000 u ita u 013 $a112254 040 $aSeMil$bita 100 1 $aGonella, Guido,$d<1905-1982>.$0(OLS)http://semarc/name/26139 245 10$aPresupposti di un ordine internazionale :$bnote ai messaggi di S. S. Pio 12 /$cGuido Gonella. 260 $aCittą del vaticano :$bCivitas Gentium,$c1942. 300 $a333 p. ;$c24 cm. 490 0 $aSaggi e Testi ;$vN.1 500 $aContiene : Indice. 650 4$aPio XII - Scritti e discorsi.$0(OLS)http://semarc/subject/2857 830 0$aSaggi e testi ;$vN.1.$0(OLS)http://semarc/title/7883 850 $aSeMil 852 $aSeMil$W1$xVenegono$y1$m3N IV 449$j91849$B91849$CSeMilBibl$Z2$F116495 $81 961 $aRecupero: Altro 996 $6245$aPresupposti di un ordine internazionale :$bnote ai messaggi di S. S. Pio 12$9(OLS)http://semarc/title/202264 996 $6260$aCittą del vaticano :$bCivitas Gentium$9(OLS)http://semarc/publisher/34017 LEADER 01209nam a2200265 i 4500 001 000000105273 003 CaOOAMICUS 005 20250716123100.0 008 050323s2001 it u000 u ita u 020 $a88-02-05807-5 040 $aSeMil$bita 245 00$aMitologia sumerica /$ca cura di Giovanni Pettinato. 260 $aTorino :$bUnione Tipografico-Editrice Torinese,$c2001. 300 $a575 p., [7] carte di tav. :$bill. ;$c24 cm. 490 0 $aClassici delle religioni. Sez. 1, Le religioni orientali 650 4$aMItologia sumerica - Testi.$0(OLS)http://semarc/subject/18312 700 1 $aPettinato, Giovanni,$d<1934-2011>.$0(OLS)http://semarc/name/29859 830 0$aClassici delle religioni. Sez. 1, Le religioni orientali .$0(OLS)http://semarc/title/15838 850 $aSeMil 852 $aSeMil$W1$xVenegono$y1$m2LA H 9$j259801$B61529$CSeMilBibl$Z2$F71177 $81 961 $aSottoscrizione: UTET (Agente) 996 $6020$a88-02-05807-5$9(OLS)http://semarc/number/85314 996 $6245$aMitologia sumerica$9(OLS)http://semarc/title/152456 996 $6260$aTorino :$bUnione Tipografico-Editrice Torinese$9(OLS)http://semarc/publisher/29628